Gares sur la ligne de Bordeaux à Hendaye - Statistiques

Statistiques générales
  • Ce quiz a été pris 55 fois
  • Le résultat moyen est 13 sur 28
Statistiques - réponses
Département Gare % Correct
1 (64) Bayonne
96%
1 (64) Biarritz
93%
1 Pyrénées-Atlantiques (64) Hendaye
93%
1 (40) Dax
89%
1 Espagne Irun
65%
0 (33) Pessac
63%
0 Landes (40) Mont-de-Marsan
63%
0 Landes (40) Morcenx
61%
0 Gironde (33) Bordeaux-Saint-Jean
57%
1 (40) Saint-Vincent-de-Tyrosse
52%
1 (64) Guéthary
48%
1 (40) Labenne
46%
1 Landes (40) Ondres
46%
1 Pyrénées-Atlantiques (64) Boucau
41%
1 (64) Les Deux Jumeaux
41%
1 (64) Saint-Jean-de-Luz - Ciboure
41%
0 Gironde (33) Biganos-Facture
39%
0 (40) Labouheyre
39%
0 Landes (40) Ychoux
33%
1 (40) Bénesse-Maremne
28%
0 (33) Marcheprime
28%
0 (33) Pessac-Alouette
26%
1 (40) Saint-Geours-de-Maremne
26%
1 (40) Saubusse-les-Bains
22%
0 (33) Gazinet-Cestas
20%
0 (40) Ygos
17%
0 (40) Arengosse
13%
0 (40) Saint-Martin-d'Oney
11%
Aucun quiz correspondant
Distribution des résultats
% des personnes avec chaque résultat
Percentile par nombre de réponses
Votre historique - résultats
Vous n’avez pas pris ce quiz